000 00363nam a2200157 4500
008 190521s2008||||xo d
100 1 _aByrne Rhonda
_91119
245 1 0 _aThe secret tajomstvo
260 _bIkar
_c2008
_aBratislava
250 _a1.vydanie
300 _a198s.
020 _a9788055116129
_c0
041 1 _aslo
044 _axo
_cSK
958 _aAUL
999 _c22415
_d22415